Odhad indexov spôsobilosti procesu pri inom ako normálnom rozdelení hodnôt sledovaného ukazovateľa kvality

V súčasnosti najpoužívanejšou metódou pre modifikáciu procesov s nie normálnym rozdelením je metóda odhadu kvantilov pre iné ako normálne rozdelenie. Užívateľsky najjednoduchšou technikou je Clementsova metóda, ktorá používa Pearsonove krivky ako aproximačné rozdelenie pre odhad troch kvantilov, kto...

Descripción completa

Guardado en:
Detalles Bibliográficos
Autor principal: Hrnčiarová, Ľubica
Otros Autores: Terek, Milan
Formato: Capítulo de libro
Lenguaje:eslovaco
Materias:
Etiquetas: Agregar Etiqueta
Sin Etiquetas, Sea el primero en etiquetar este registro!

MARC

LEADER 00000naa$a2200000$$$4500
001 0093579
005 20240502072036.9
041 0 |a slo 
044 |a SK 
245 1 0 |a Odhad indexov spôsobilosti procesu pri inom ako normálnom rozdelení hodnôt sledovaného ukazovateľa kvality  |c Ľubica Hrnčiarová, Milan Terek 
520 |a V súčasnosti najpoužívanejšou metódou pre modifikáciu procesov s nie normálnym rozdelením je metóda odhadu kvantilov pre iné ako normálne rozdelenie. Užívateľsky najjednoduchšou technikou je Clementsova metóda, ktorá používa Pearsonove krivky ako aproximačné rozdelenie pre odhad troch kvantilov, ktorá je v článku popísaná. 
610 2 0 |a pravdepodobnosť 
610 2 0 |a štatistika matematická 
610 2 0 |a kvalita 
100 1 |a Hrnčiarová, Ľubica 
700 1 |a Terek, Milan